European investible property market worth Euros 3 trillion (Record no. 117406)
[ view plain ]
| 000 -LEADER | |
|---|---|
| fixed length control field | 01274cam a2200241 4500 |
| 001 - CONTROL NUMBER | |
| control field | WB4020-10 |
| 008 - FIXED-LENGTH DATA ELEMENTS--GENERAL INFORMATION | |
| fixed length control field | 040526n2004 000 0 eng u |
| 035 ## - SYSTEM CONTROL NUMBER | |
| System control number | (Sirsi) u126297 |
| 245 ## - TITLE STATEMENT | |
| Title | European investible property market worth Euros 3 trillion |
| 260 ## - PUBLICATION, DISTRIBUTION, ETC. | |
| Date of publication, distribution, etc. | 2004 |
| 490 ## - SERIES STATEMENT | |
| Series statement | Estates Gazette |
| Volume/sequential designation | (0421) 22 May 2004, 47(1) |
| 520 ## - SUMMARY, ETC. | |
| Summary, etc. | New research presented at the IPD/INREV conference values the investible property market in Europe at almost Euros 3 trillion. The UK has the highest proportion of the total investible market owned by institutions, many of which will be investing in continental Europe in 2004 as the domestic market suffers stock shortage. The research data could be used by pan-European investors to decide country allocations. "European market dimensions: an inventory of the investible market in 11 European countries", the IPD/INREV conference paper and presentation, are available at https://ipddpas.com/Events/Web%20Pages/Day_One.htm l. |
| 590 ## - LOCAL NOTE (RLIN) | |
| Local note | WB |
| 590 ## - LOCAL NOTE (RLIN) | |
| Local note | WB |
| 650 ## - SUBJECT ADDED ENTRY--TOPICAL TERM | |
| Topical term or geographic name entry element | COMMERCIAL PROPERTY MARKET |
| 650 ## - SUBJECT ADDED ENTRY--TOPICAL TERM | |
| Topical term or geographic name entry element | RESIDENTIAL PROPERTY MARKET |
| 650 ## - SUBJECT ADDED ENTRY--TOPICAL TERM | |
| Topical term or geographic name entry element | EUROPE |
| 650 ## - SUBJECT ADDED ENTRY--TOPICAL TERM | |
| Topical term or geographic name entry element | PROPERTY INVESTMENT |
| 650 ## - SUBJECT ADDED ENTRY--TOPICAL TERM | |
| Topical term or geographic name entry element | INVESTIBLE PROPERTY MARKET |
| 650 ## - SUBJECT ADDED ENTRY--TOPICAL TERM | |
| Topical term or geographic name entry element | INSTITUTIONAL INVESTORS |
| 690 ## - LOCAL SUBJECT ADDED ENTRY--TOPICAL TERM (OCLC, RLIN) | |
| Topical term or geographic name as entry element | INVESTMENT |
| 942 ## - ADDED ENTRY ELEMENTS (KOHA) | |
| Suppress in OPAC | 0 |
| Withdrawn status | Lost status | Source of classification or shelving scheme | Damaged status | Not for loan | Home library | Current library | Shelving location | Date acquired | Total Checkouts | Full call number | Barcode | Date last seen | Copy number | Price effective from | Koha item type |
|---|---|---|---|---|---|---|---|---|---|---|---|---|---|---|---|
| Dewey Decimal Classification | London | London | News article | 26/05/2004 | WB4020-10 | 126297-1001 | 06/08/2019 | 1 | 06/08/2019 | News article |